ბათუმის შოთა რუსთაველის სახელმწიფო უნივერსიტეტის ბიბლიოთეკა

ქართული ანბანი : (ბიბ.ჩანაწერი № 54671)

000 -ლიდერი
ფიქსირებული სიგრძის საკონტროლო ველი 01030nam a2200229Ia 4500
001 - საკონტროლო ნომერი
საკონტროლო ველი 21738
003 - საკონტროლო ნომრის იდენტიფიკატორი
საკონტროლო ველი GE_BSU
005 - ბოლო ოპერაციის თარიღი და დრო
საკონტროლო ველი 20220125173840.0
008 - ფიქსირებული სიგრძის მონაცემთა ელემენტები - ზოგადი ინფორმაცია
ფიქსირებული სიგრძის საკონტროლო ველი 181216s ||||ge |||||||||||||| ||geo||
040 ## - კატალოგიზაციის წყარო
Transcribing agency GE_BSU
041 ## - ენის კოდი
Language code of text/sound track or separate title geo
080 ## - უნივერსალური ათობითი კლასიფიკაციის ინდექსი
Universal Decimal Classification number 811.353.1-003 რ-21
100 ## - მთავარი ჩანაწერი - პიროვნების სახელი
Personal name რამიშვილი, ვ.
9 (RLIN) 13460
245 ## - ცნობა სათაურის შესახებ
Title ქართული ანბანი :
Remainder of title თვალსაჩინო დიდაქტიკური მასალა ქართულ ენაში :
Statement of responsibility, etc ვ. რამიშვილი ; რედ. ლ. ამაშუკელი.
264 ## - წარმოების, გამოცემის, დისტრიბუციის და სხვა ცნობები
გამოცემის, წარმოების, დისტრიბუციის... ადგილი თბილისი :
გამოცემის, წარმოების, დისტრიბუციის... სახელწოდება განათლება,
გამოცემის, წარმოების, დისტრიბუციის... თარიღი 1986.
653 ## - INDEX TERM--UNCONTROLLED
Uncontrolled term თვალსაჩინო დიდაქტიკური მასალა ქართულ ენაში
653 ## - INDEX TERM--UNCONTROLLED
Uncontrolled term ქართული ანბანი
653 ## - INDEX TERM--UNCONTROLLED
Uncontrolled term ქართული ენა
700 ## - ADDED ENTRY--PERSONAL NAME
Personal name ამაშუკელი, ლ.
Relator term რედაქტორი
9 (RLIN) 13461
942 ## - ADDED ENTRY ELEMENTS (KOHA)
Koha item type წიგნი
Source of classification or shelving scheme
ეგზემპლარები
ჩამოწერის სტატუსი დაკარგული ეგზემპლარის სტატუსი კლასიფიკაციის წყარო ან თაროზე გაწყობის სქემა დაზიანების სტატუსი არ გაიცემა მუდმივი მდებარეობა (დაცვის ადგილი) ამჟამინდელი ადგილსამყოფელი თაროზე განთავსების ადგილი შეძენის თარიღი ღირებულება, შესყიდვის ნორმალური ფასი სრული შენახვის შიფრი შტრიხკოდი ბოლო ოპერაციის თარიღი ეგზემპლარის მიმდევრობითი ნომერი (კეტერი?) ფასის ძალაში შესვლის თარიღი ეგზემპლარის სახეობა საჯარო შენიშვნა
          ბათუმის შოთა რუსთაველის სახელმწიფო უნივერსიტეტის მთავარი ბიბლიოთეკა ბათუმის შოთა რუსთაველის სახელმწიფო უნივერსიტეტის მთავარი ბიბლიოთეკა წიგნსაცავი 2018-12-17 5.20 811.353.1-003 რ-21 55942 2018-12-17 55942 2018-12-17 წიგნი 5.20 ₾.
          ბათუმის შოთა რუსთაველის სახელმწიფო უნივერსიტეტის მთავარი ბიბლიოთეკა ბათუმის შოთა რუსთაველის სახელმწიფო უნივერსიტეტის მთავარი ბიბლიოთეკა წიგნსაცავი 2018-12-17 5.20 811.353.1-003 რ-21 55943 2018-12-17 55943 2018-12-17 წიგნი 5.20 ₾.
          ბათუმის შოთა რუსთაველის სახელმწიფო უნივერსიტეტის მთავარი ბიბლიოთეკა ბათუმის შოთა რუსთაველის სახელმწიფო უნივერსიტეტის მთავარი ბიბლიოთეკა წიგნსაცავი 2018-12-17 5.20 811.353.1-003 რ-21 55944 2018-12-17 55944 2018-12-17 წიგნი 5.20 ₾.
          ბათუმის შოთა რუსთაველის სახელმწიფო უნივერსიტეტის მთავარი ბიბლიოთეკა ბათუმის შოთა რუსთაველის სახელმწიფო უნივერსიტეტის მთავარი ბიბლიოთეკა წიგნსაცავი 2018-12-17 5.20 811.353.1-003 რ-21 55945 2018-12-17 55945 2018-12-17 წიგნი 5.20 ₾.